"Country" In All Jetpunk Languages - Yellow Box - Statistics

General Stats
  • This quiz has been taken 91 times
  • The average score is 7 of 12
Answer Stats
Language "Country" % Correct
German Land
88%
Spanish País
77%
Dutch Land
69%
Danish Land
68%
Norwegian Land
68%
Swedish Land
68%
French Pays
67%
Portugese País
63%
Italian Paese
44%
Polish Kraj
33%
Suomi Maa
28%
Czech Stát
28%
No matching quizzes found
Score Distribution
Percent of People with Each Score
Percentile by Number Answered
Your Score History
You have not taken this quiz